000 00351nam a22001457a 4500
005 20200606112908.0
008 200606b xxu||||| |||| 00| 0 eng d
082 _a345.4
110 _aL.I.C
_95787
245 _aL.I.C 2007 (V-4) OCT TO DEC
260 _aMUMBAI
_bALL INDIA REPORTER PVT LTD.
300 _a4464;p
650 _aLAW
_95701
942 _cJRL
999 _c6843
_d6841